000
00303nam a2200121Ia 4500
008
191201s2019 xx 000 0 und d
100
_a
SHALEV, Shai
245
0
_a
Understanding Machine Learning
260
_b
Combridge University Press
_c
2019
300
_a
397
650
_a
B.Tech(CSE)
942
_2
ddc
_c
BK
999
_c
6976
_d
6976